Integrovaný facility management

Súčasti facility manažmentu - budova, podporné procesy, personál. Intregrovaný facility manažment. Zabezpečenie podporných služieb jedným externým partnerom - outsourcing. Hlavné výhody integrovaného facility manažmentu.

Gespeichert in:
Bibliographische Detailangaben
1. Verfasser: Krupanský, Dan
Format: Buchkapitel
Sprache:Tschechisch
Schlagworte:
Tags: Tag hinzufügen
Keine Tags, Fügen Sie das erste Tag hinzu!

MARC

LEADER 00000naa$a2200000$$$4500
001 0090492
005 20231213141216.6
041 0 |a cze 
044 |a CZ 
245 1 0 |a Integrovaný facility management  |c Dan Krupanský 
520 |a Súčasti facility manažmentu - budova, podporné procesy, personál. Intregrovaný facility manažment. Zabezpečenie podporných služieb jedným externým partnerom - outsourcing. Hlavné výhody integrovaného facility manažmentu. 
610 2 0 |a podnik 
610 2 0 |a manažment 
610 2 0 |a procesy pomocné a obslužné 
610 2 0 |a personál 
610 2 0 |a náklady prevádzkové 
610 2 0 |a plánovanie 
610 2 0 |a riadenie 
610 2 0 |a údržba bežná 
610 2 0 |a budovy 
100 1 |a Krupanský, Dan